[Event "EU-ch 23rd"]
[Site "Vrnjacka Banja"]
[Date "2023.03.07"]
[Round "5"]
[White "Tadic, Katarina"]
[Black "Tadic, Ana"]
[Result "1/2-1/2"]
[WhiteElo "1919"]
[BlackElo "1817"]
[PlyCount "25"]
[EventDate "2023.03.03"]
[EventType "swiss"]
[EventRounds "11"]
[EventCountry "SRB"]
[SourceTitle "CBM 213"]
[Source "ChessBase"]
[SourceDate "2023.04.30"]
[SourceVersion "1"]
[SourceVersionDate "2023.04.30"]
[SourceQuality "1"]

1. e4 e5 2. Nf3 Nc6 3. Bb5 a6 4. Ba4 Nf6 5. 0-0 b5 6. Bb3 Be7 7. Re1 0-0 8. c3 Re8 9. Ng5 Rf8 10. Nf3 Re8 11. Ng5 Rf8 12. Nf3 Re8 13. Ng5 1/2-1/2

[Event "EU-ch 23rd"]
[Site "Vrnjacka Banja"]
[Date "2023.03.06"]
[Round "4"]
[White "Pirvulescu, Adrian"]
[Black "Tadic, Katarina"]
[Result "1-0"]
[WhiteElo "1738"]
[BlackElo "1919"]
[PlyCount "73"]
[EventDate "2023.03.03"]
[EventType "swiss"]
[EventRounds "11"]
[EventCountry "SRB"]
[SourceTitle "CBM 213"]
[Source "ChessBase"]
[SourceDate "2023.04.30"]
[SourceVersion "1"]
[SourceVersionDate "2023.04.30"]
[SourceQuality "1"]

1. e4 c5 2. Nf3 a6 3. c4 Nc6 4. d4 cxd4 5. Nxd4 Qb6 6. Nb3 e6 7. Be3 Bb4+ 8. Nc3 Qc7 9. f4 Nf6 10. e5 Ne4 11. Qd3 f5 12. Be2 0-0 13. 0-0 Nxc3 14. bxc3 Be7 15. c5 Nb8 16. Kh1 a5 17. a4 Na6 18. Qb5 Kh8 19. Bf3 Nb8 20. Rab1 Rg8 21. Qb6 Qxb6 22. cxb6 d6 23. exd6 Bxd6 24. Rfd1 Be7 25. Nc5 Bxc5 26. Bxc5 Na6 27. Ba3 h6 28. c4 Re8 29. c5 Rb8 30. Be2 e5 31. fxe5 Nb4 32. Bb2 Be6 33. Bb5 Rec8 34. Rd6 Ba2 35. Rc1 Bb3 36. e6 Na2 37. Re1 1-0

[Event "SRB-chT (Women)"]
[Site "Valjevo"]
[Date "2020.09.29"]
[Round "6.5"]
[White "Gara, Ticia"]
[Black "Tadic, Katarina"]
[Result "1-0"]
[WhiteElo "2371"]
[BlackElo "2015"]
[PlyCount "61"]
[EventDate "2020.09.25"]
[EventType "team-tourn"]
[EventRounds "11"]
[EventCountry "SRB"]
[SourceTitle "CBM 198 Extra"]
[Source "ChessBase"]
[SourceDate "2020.11.30"]
[SourceVersion "1"]
[SourceVersionDate "2020.11.30"]
[SourceQuality "1"]
[WhiteTeam "Belgrade Crvena Zvezda (W)"]
[BlackTeam "Valjevo 2005 (W)"]
[WhiteTeamCountry "SRB"]
[BlackTeamCountry "SRB"]

1. c4 c5 2. Nf3 Nf6 3. Nc3 Nc6 4. d4 cxd4 5. Nxd4 g6 6. e4 Bg7 7. Be3 d6 8. Be2 Bd7 9. 0-0 0-0 10. Qd2 Nxd4 11. Bxd4 Bc6 12. f3 Nd7 13. Be3 a5 14. b3 Nc5 15. Rac1 Qb6 16. Nb5 f5 17. exf5 gxf5 18. Rfe1 f4 19. Bf2 Qd8 20. Bd1 Rf7 21. Bc2 Nd7 22. Nd4 Be5 23. Ne6 Qc8 24. Bd4 Bxd4+ 25. Qxd4 Ne5 26. Rxe5 dxe5 27. Qxe5 Qb8 28. Qg5+ Kh8 29. Rd1 Qa7+ 30. c5 Rg8 31. Qxg8+ 1-0

[Event "SRB-chT (Women)"]
[Site "Valjevo"]
[Date "2020.09.29"]
[Round "7.2"]
[White "Tadic, Katarina"]
[Black "Rapport, Jovana"]
[Result "0-1"]
[WhiteElo "2015"]
[BlackElo "2303"]
[PlyCount "84"]
[EventDate "2020.09.25"]
[EventType "team-tourn"]
[EventRounds "11"]
[EventCountry "SRB"]
[SourceTitle "CBM 198 Extra"]
[Source "ChessBase"]
[SourceDate "2020.11.30"]
[SourceVersion "1"]
[SourceVersionDate "2020.11.30"]
[SourceQuality "1"]
[WhiteTeam "Valjevo 2005 (W)"]
[BlackTeam "Rudovci Radnicki (W)"]
[WhiteTeamCountry "SRB"]
[BlackTeamCountry "SRB"]

1. Nf3 d5 2. g3 g6 3. Bg2 Bg7 4. d4 Nh6 5. h4 Ng4 6. h5 c6 7. c3 Qb6 8. hxg6 hxg6 9. Rxh8+ Bxh8 10. Qb3 Nd7 11. e4 Qxb3 12. axb3 dxe4 13. Ng5 e5 14. Nxe4 exd4 15. Nd6+ Kf8 16. f3 Be5 17. Nxc8 Bxg3+ 18. Ke2 d3+ 19. Kxd3 Nge5+ 20. Kc2 Rxc8 21. Rxa7 Rb8 22. Be3 f5 23. Nd2 Ke7 24. Bg5+ Kd6 25. Be3 Kc7 26. b4 Rh8 27. Nf1 f4 28. Bg1 Bh4 29. Nd2 Be7 30. Ra5 Rh5 31. Ra1 Nf6 32. Re1 Bd6 33. Bd4 Nd5 34. Ne4 Rh2 35. Re2 Nc4 36. Bf1 Nce3+ 37. Kd3 Nxf1 38. Re1 Ng3 39. Nxd6 Kxd6 40. Be5+ Kd7 41. c4 Nxb4+ 42. Kc3 c5 0-1

[Event "SRB-chT (Women)"]
[Site "Valjevo"]
[Date "2020.09.25"]
[Round "1.5"]
[White "Tadic, Katarina"]
[Black "Cvitan, Ena"]
[Result "0-1"]
[WhiteElo "2015"]
[BlackElo "2242"]
[PlyCount "82"]
[EventDate "2020.09.25"]
[EventType "team-tourn"]
[EventRounds "11"]
[EventCountry "SRB"]
[SourceTitle "CBM 198 Extra"]
[Source "ChessBase"]
[SourceDate "2020.11.30"]
[SourceVersion "1"]
[SourceVersionDate "2020.11.30"]
[SourceQuality "1"]
[WhiteTeam "Valjevo 2005 (W)"]
[BlackTeam "Lucani Mladost (W)"]
[WhiteTeamCountry "SRB"]
[BlackTeamCountry "SRB"]

1. Nf3 d5 2. g3 Nd7 3. d4 b5 4. a4 b4 5. a5 e6 6. Bg2 Ngf6 7. c3 Rb8 8. 0-0 Ba6 9. Bf4 bxc3 10. bxc3 Ne4 11. Nfd2 Nd6 12. Re1 g5 13. Bxd6 cxd6 14. e4 dxe4 15. Nxe4 d5 16. Ned2 Be7 17. Rxe6 fxe6 18. Qh5+ Kf8 19. Qh6+ Kf7 20. Bh3 Bf6 21. Nf3 Qg8 22. Bg4 Ke7 23. Nbd2 Qg6 24. Qh3 h5 25. Nh4 gxh4 26. Bxe6 Bc8 27. Re1 Kd8 28. Bf5 Nf8 29. Bxc8 Rxc8 30. Qg2 Qf5 31. Qf1 hxg3 32. hxg3 h4 33. Qb5 Qd7 34. Qa6 Rc6 35. Qb5 hxg3 36. fxg3 Rxc3 37. Qb8+ Rc8 38. Qf4 Qg7 39. Nf3 Rg8 40. Qd6+ Nd7 41. Kg2 Rc2+ 0-1

[Event "Nova Gorica op 25th"]
[Site "Nova Gorica"]
[Date "2020.01.27"]
[Round "6"]
[White "Plaskan, Jure"]
[Black "Tadic, Katarina"]
[Result "1-0"]
[WhiteElo "2212"]
[BlackElo "2022"]
[PlyCount "117"]
[EventDate "2020.01.24"]
[EventType "swiss"]
[EventRounds "9"]
[EventCountry "SLO"]
[SourceTitle "CBM 194"]
[Source "ChessBase"]
[SourceDate "2020.02.29"]
[SourceVersion "1"]
[SourceVersionDate "2020.02.29"]
[SourceQuality "1"]

1. e4 c5 2. Nf3 g6 3. c4 Bg7 4. d4 cxd4 5. Nxd4 Nc6 6. Be3 Nf6 7. Nc3 d6 8. Be2 Bd7 9. 0-0 0-0 10. Qd2 Nxd4 11. Bxd4 Bc6 12. f3 a5 13. Rfc1 Nd7 14. Be3 Nc5 15. Rab1 f5 16. exf5 gxf5 17. Nd5 Bxd5 18. cxd5 Qb6 19. Rc4 f4 20. Bf2 Be5 21. Qc2 Qd8 22. a4 Qe8 23. Re1 Qh5 24. Bd1 Rf6 25. Qe2 b6 26. Bd4 Rh6 27. h3 Nd7 28. Bxe5 dxe5 29. Rc7 Rd8 30. Qc4 Kg7 31. Bc2 Qg5 32. Qe2 Rxh3 33. Bf5 Qxf5 34. gxh3 Kf7 35. Kh2 Rg8 36. Rg1 Rxg1 37. Kxg1 Qxh3 38. Qg2 Qxg2+ 39. Kxg2 Ke8 40. Rc6 Nc5 41. Rxb6 Nxa4 42. Rb5 Kd7 43. b3 Nc3 44. Rc5 Nd1 45. Rxa5 Ne3+ 46. Kf2 Kd6 47. Ke2 Nxd5 48. Kd3 Nf6 49. Ra6+ Kc5 50. Re6 Kd5 51. Rxe7 h5 52. Rf7 Ke6 53. Ra7 h4 54. Ra6+ Kf5 55. b4 Nd5 56. b5 Nb4+ 57. Ke2 e4 58. fxe4+ Kxe4 59. Ra4 1-0

[Event "Nova Gorica op 25th"]
[Site "Nova Gorica"]
[Date "2020.01.26"]
[Round "4"]
[White "Marn, Jan"]
[Black "Tadic, Katarina"]
[Result "1/2-1/2"]
[WhiteElo "2366"]
[BlackElo "2022"]
[PlyCount "113"]
[EventDate "2020.01.24"]
[EventType "swiss"]
[EventRounds "9"]
[EventCountry "SLO"]
[SourceTitle "CBM 194"]
[Source "ChessBase"]
[SourceDate "2020.02.29"]
[SourceVersion "1"]
[SourceVersionDate "2020.02.29"]
[SourceQuality "1"]

1. Nf3 Nf6 2. g3 g6 3. b4 Bg7 4. Bb2 d6 5. Bg2 e5 6. d3 c6 7. 0-0 Qb6 8. a3 a5 9. Nbd2 axb4 10. axb4 Rxa1 11. Qxa1 0-0 12. Nc4 Qc7 13. Nfxe5 Qe7 14. Nf3 Ne8 15. Bxg7 Nxg7 16. e4 Be6 17. Ne3 Na6 18. Qb2 Nc7 19. Ra1 f5 20. exf5 Nxf5 21. Nxf5 Bxf5 22. Re1 Qd7 23. Nd4 Bg4 24. f3 Qf7 25. h3 Bd7 26. f4 h5 27. Qb3 d5 28. Nf3 Bf5 29. c4 dxc4 30. dxc4 Rd8 31. Ne5 Qe6 32. Kh2 Rd2 33. Nf3 Re2 34. Rxe2 Qxe2 35. Nd4 Qd3 36. c5+ Qxb3 37. Nxb3 Na6 38. b5 cxb5 39. Bxb7 Nc7 40. Na5 b4 41. Bf3 Kf8 42. Be2 Be6 43. Bc4 Kf7 44. g4 hxg4 45. hxg4 Bxc4 46. Nxc4 Ne6 47. c6 Ke7 48. f5 gxf5 49. gxf5 b3 50. Kg3 Nf8 51. f6+ Kd8 52. Kf4 Kc7 53. Kf5 Kxc6 54. f7 Kd5 55. Nb2 Kd4 56. Kf6 Kc3 57. Na4+ 1/2-1/2

[Event "Nova Gorica op 25th"]
[Site "Nova Gorica"]
[Date "2020.01.25"]
[Round "2"]
[White "Trussevich, Sergey"]
[Black "Tadic, Katarina"]
[Result "1-0"]
[WhiteElo "2265"]
[BlackElo "2022"]
[PlyCount "109"]
[EventDate "2020.01.24"]
[EventType "swiss"]
[EventRounds "9"]
[EventCountry "SLO"]
[SourceTitle "CBM 194"]
[Source "ChessBase"]
[SourceDate "2020.02.29"]
[SourceVersion "1"]
[SourceVersionDate "2020.02.29"]
[SourceQuality "1"]

1. Nf3 c5 2. c4 g6 3. e3 Bg7 4. a3 Nc6 5. Be2 e6 6. d3 Nge7 7. Nbd2 b6 8. Qc2 Bb7 9. Rb1 Rc8 10. b4 cxb4 11. axb4 d5 12. Bb2 0-0 13. Bxg7 Kxg7 14. Qb2+ Kg8 15. h4 f6 16. h5 g5 17. h6 Rf7 18. b5 Na5 19. Nd4 e5 20. N4f3 Qd6 21. cxd5 Bxd5 22. e4 Be6 23. d4 exd4 24. Nxd4 Nc4 25. Nxc4 Bxc4 26. 0-0 Bxe2 27. Nxe2 f5 28. e5 Qxh6 29. f4 g4 30. Qb3 Qh4 31. g3 Qh6 32. Rbd1 Qf8 33. Rd6 Kg7 34. Nd4 Kh8 35. Ne6 Qg8 36. Rfd1 Ng6 37. Qb2 Re7 38. Nd4 Rf8 39. Qc2 Qf7 40. Rf6 Qe8 41. Rxf8+ Nxf8 42. Nxf5 Rd7 43. Nd6 Qh5 44. Qc3 Kg8 45. Rd2 Qh6 46. Qc4+ Qe6 47. Qxe6+ Nxe6 48. f5 Ng5 49. e6 Nf3+ 50. Kf2 Re7 51. Rd5 Rc7 52. f6 Rc2+ 53. Ke3 Rc3+ 54. Kf4 Ng1 55. Rg5+ 1-0

[Event "SRB-chT (Women)"]
[Site "Subotica"]
[Date "2019.08.31"]
[Round "10.5"]
[White "Injac, Teodora"]
[Black "Tadic, Katarina"]
[Result "1-0"]
[WhiteElo "2223"]
[BlackElo "2020"]
[PlyCount "61"]
[EventDate "2019.08.22"]
[EventType "team-tourn"]
[EventRounds "11"]
[EventCountry "SRB"]
[SourceTitle "EXT 2020"]
[Source "ChessBase"]
[SourceDate "2019.10.17"]
[SourceVersion "1"]
[SourceVersionDate "2019.10.17"]
[SourceQuality "1"]
[WhiteTeam "Goracici Jelica (W)"]
[BlackTeam "Belgrade Radnicki (W)"]
[WhiteTeamCountry "SRB"]
[BlackTeamCountry "SRB"]

1. d4 Nf6 2. Nf3 e6 3. e3 c5 4. Bd3 Nc6 5. 0-0 d5 6. b3 cxd4 7. exd4 Nb4 8. Be2 Bd6 9. Bb2 Qc7 10. c4 dxc4 11. bxc4 0-0 12. Nbd2 Rd8 13. h3 Nc6 14. Bd3 e5 15. d5 Nd4 16. Nxd4 exd4 17. a3 b5 18. Rc1 bxc4 19. Bxc4 Qe7 20. Re1 Qb7 21. Bxd4 Nxd5 22. Qh5 Be6 23. Ne4 Bf4 24. Nc5 Qe7 25. Rb1 Bd2 26. Rb7 Nc7 27. Nxe6 Rxd4 28. Rxc7 Rh4 29. Rxe7 Rxh5 30. Nc7 Bxe1 31. Nxa8 1-0

[Event "SRB-chT (Women)"]
[Site "Subotica"]
[Date "2019.08.30"]
[Round "9.2"]
[White "Tadic, Katarina"]
[Black "Drljevic, Ljilja"]
[Result "0-1"]
[WhiteElo "2020"]
[BlackElo "2162"]
[PlyCount "74"]
[EventDate "2019.08.22"]
[EventType "team-tourn"]
[EventRounds "11"]
[EventCountry "SRB"]
[SourceTitle "EXT 2020"]
[Source "ChessBase"]
[SourceDate "2019.10.17"]
[SourceVersion "1"]
[SourceVersionDate "2019.10.17"]
[SourceQuality "1"]
[WhiteTeam "Belgrade Radnicki (W)"]
[BlackTeam "Lucani Mladost (W)"]
[WhiteTeamCountry "SRB"]
[BlackTeamCountry "SRB"]

1. Nf3 g6 2. d4 Bg7 3. g3 c5 4. Bg2 cxd4 5. Nxd4 Nc6 6. Nb3 Nf6 7. Nc3 0-0 8. 0-0 d6 9. h3 Be6 10. Be3 Ne5 11. Nd4 Bd7 12. Kh2 Rc8 13. a4 Nc4 14. Bc1 Rc5 15. e4 Rh5 16. h4 Ng4+ 17. Kg1 Kh8 18. Nd5 e5 19. Nf3 f5 20. Qe2 Nb6 21. Bg5 Rxg5 22. Nxg5 Nxd5 23. exd5 e4 24. c3 Bf6 25. Ne6 Bxe6 26. dxe6 Bxh4 27. Bxe4 Ne5 28. Bg2 f4 29. Bh3 Qg5 30. g4 f3 31. e7 Qxe7 32. Qe3 Bg5 33. Qd4 Bf4 34. Rfe1 Qh4 35. Qxd6 Rf7 36. Rxe5 Qxh3 37. Qd8+ Kg7 0-1

[Event "Paracin Summer op-A 12th"]
[Site "Paracin"]
[Date "2019.07.11"]
[Round "8"]
[White "Nestorovic, Katarina"]
[Black "Tadic, Katarina"]
[Result "1-0"]
[WhiteElo "2179"]
[BlackElo "2021"]
[PlyCount "45"]
[EventDate "2019.07.05"]
[EventType "swiss"]
[EventRounds "9"]
[EventCountry "SRB"]
[SourceTitle "EXT 2022"]
[Source "ChessBase"]
[SourceDate "2021.10.06"]
[SourceVersion "1"]
[SourceVersionDate "2021.10.06"]
[SourceQuality "1"]

1. e4 c5 2. Nf3 e6 3. d4 cxd4 4. Nxd4 Nf6 5. Nc3 Nc6 6. a3 d6 7. Be3 Be7 8. Bd3 Bd7 9. 0-0 Nxd4 10. Bxd4 e5 11. Be3 a6 12. Kh1 Bc6 13. f4 d5 14. fxe5 d4 15. exf6 gxf6 16. Bxd4 Qxd4 17. Qg4 f5 18. Qxf5 Qg7 19. Bc4 0-0 20. Rf3 Bd6 21. Raf1 Be5 22. Rh3 Rad8 23. Rh5 1-0

[Event "Paracin Summer op-A 12th"]
[Site "Paracin"]
[Date "2019.07.06"]
[Round "2"]
[White "Tanriverdi, Enes"]
[Black "Tadic, Katarina"]
[Result "1-0"]
[WhiteElo "2374"]
[BlackElo "2021"]
[PlyCount "57"]
[EventDate "2019.07.05"]
[EventType "swiss"]
[EventRounds "9"]
[EventCountry "SRB"]
[SourceTitle "CBM 191 Extra"]
[Source "ChessBase"]
[SourceDate "2019.09.30"]
[SourceVersion "1"]
[SourceVersionDate "2019.09.30"]
[SourceQuality "1"]

1. e4 c5 2. Nf3 d6 3. d4 cxd4 4. Nxd4 Nf6 5. Nc3 a6 6. Bg5 e6 7. f4 Nbd7 8. Qf3 Qc7 9. 0-0-0 b5 10. e5 Bb7 11. Qh3 dxe5 12. Nxe6 fxe6 13. Qxe6+ Be7 14. Bxb5 axb5 15. Nxb5 Qc6 16. Nd6+ Kd8 17. fxe5 Kc7 18. Kb1 Ne4 19. Bxe7 Nf2 20. Rd4 Nc5 21. Qf7 Nxh1 22. Nxb7 Kxb7 23. Bxc5+ Kc8 24. Rc4 Qb5 25. Bd6+ Qxc4 26. Qxc4+ Kd7 27. Qf7+ Kc6 28. Qf3+ Kd7 29. g4 1-0

[Event "Veliko Gradiste Silver Lake op-A"]
[Site "Veliko Gradiste"]
[Date "2019.06.22"]
[Round "8"]
[White "Tadic, Katarina"]
[Black "Rajkovic, Aleksandar"]
[Result "1/2-1/2"]
[WhiteElo "2010"]
[BlackElo "2178"]
[PlyCount "44"]
[EventDate "2019.06.16"]
[EventType "swiss"]
[EventRounds "9"]
[EventCountry "SRB"]
[SourceTitle "CBM 191 Extra"]
[Source "ChessBase"]
[SourceDate "2019.09.30"]
[SourceVersion "1"]
[SourceVersionDate "2019.09.30"]
[SourceQuality "1"]

1. Nf3 c5 2. c4 Nc6 3. g3 g6 4. Bg2 Bg7 5. Nc3 e6 6. d4 Nxd4 7. Nxd4 cxd4 8. Nb5 Qb6 9. a4 a6 10. a5 Qc5 11. Na3 Ne7 12. Bd2 Nc6 13. Rb1 0-0 14. b4 Qh5 15. h4 Qf5 16. Bh3 Qe4 17. f3 Qe5 18. Bf4 Qf6 19. Bg5 Qe5 20. Bf4 Qf6 21. Bg5 Qe5 22. Bf4 Qf6 1/2-1/2

[Event "Veliko Gradiste Silver Lake op-A"]
[Site "Veliko Gradiste"]
[Date "2019.06.18"]
[Round "4"]
[White "Radeva, Viktoria"]
[Black "Tadic, Katarina"]
[Result "1-0"]
[WhiteElo "2214"]
[BlackElo "2010"]
[PlyCount "95"]
[EventDate "2019.06.16"]
[EventType "swiss"]
[EventRounds "9"]
[EventCountry "SRB"]
[SourceTitle "CBM 191 Extra"]
[Source "ChessBase"]
[SourceDate "2019.09.30"]
[SourceVersion "1"]
[SourceVersionDate "2019.09.30"]
[SourceQuality "1"]

1. e4 c5 2. Nf3 a6 3. c3 d5 4. exd5 Qxd5 5. d4 Nc6 6. Be3 Bf5 7. dxc5 Qxd1+ 8. Kxd1 Nf6 9. Bc4 Ng4 10. Nbd2 e6 11. b4 a5 12. b5 Nxe3+ 13. fxe3 Na7 14. e4 Bg6 15. c6 bxc6 16. b6 Nb5 17. Bxb5 cxb5 18. Rb1 b4 19. Ne5 Rb8 20. cxb4 axb4 21. Rc1 Bd6 22. Nec4 Be7 23. Ke2 0-0 24. g4 h5 25. Ne5 Rxb6 26. Nd7 Ra6 27. Nxf8 Bxf8 28. Rc8 Rxa2 29. Rhc1 Bxe4 30. Rb8 hxg4 31. Rcc8 Bf3+ 32. Ke3 Ra3+ 33. Kf2 Kh7 34. Rxf8 Kg6 35. Rxb4 Ra2 36. Ke3 Ra3+ 37. Rb3 Ra2 38. Nxf3 gxf3 39. Rh8 f2 40. Rb1 e5 41. Rf1 f5 42. Rxf2 f4+ 43. Kf3 e4+ 44. Kg2 f3+ 45. Kg3 Ra3 46. Kf4 e3 47. Rxf3 e2 48. Re8 1-0

[Event "Veliko Gradiste Silver Lake op-A"]
[Site "Veliko Gradiste"]
[Date "2019.06.16"]
[Round "1"]
[White "Yordanov, Lachezar"]
[Black "Tadic, Katarina"]
[Result "1-0"]
[WhiteElo "2302"]
[BlackElo "2010"]
[PlyCount "69"]
[EventDate "2019.06.16"]
[EventType "swiss"]
[EventRounds "9"]
[EventCountry "SRB"]
[SourceTitle "CBM 191 Extra"]
[Source "ChessBase"]
[SourceDate "2019.09.30"]
[SourceVersion "1"]
[SourceVersionDate "2019.09.30"]
[SourceQuality "1"]

1. b3 e5 2. Bb2 Nc6 3. e3 d5 4. Bb5 Bd6 5. Nf3 Qe7 6. d4 e4 7. Ne5 Bd7 8. Nxd7 Qxd7 9. c4 Bb4+ 10. Bc3 Be7 11. cxd5 Qxd5 12. Bc4 Qg5 13. 0-0 Nf6 14. f4 Qh4 15. Be1 Qh6 16. Nc3 g5 17. fxg5 Qxg5 18. Rf4 Rg8 19. Bg3 0-0-0 20. Nxe4 Nxe4 21. Rxe4 Bd6 22. Qf3 Bxg3 23. hxg3 Qxg3 24. Qxg3 Rxg3 25. Bxf7 Nb4 26. Kh2 Rg5 27. a3 Nd3 28. Rf1 c5 29. Bc4 Nb2 30. Be2 Rdg8 31. g4 h5 32. Rb1 hxg4 33. Kg3 cxd4 34. exd4 Nd3 35. Bxd3 1-0

[Event "EU-ch 20th"]
[Site "Skopje"]
[Date "2019.03.25"]
[Round "7"]
[White "Caglar, Sila"]
[Black "Tadic, Katarina"]
[Result "1-0"]
[WhiteElo "2094"]
[BlackElo "2031"]
[PlyCount "131"]
[EventDate "2019.03.18"]
[EventType "swiss"]
[EventRounds "11"]
[EventCountry "MKD"]
[SourceTitle "CBM 189"]
[Source "ChessBase"]
[SourceDate "2019.04.29"]
[SourceVersion "1"]
[SourceVersionDate "2019.04.29"]
[SourceQuality "1"]

1. e4 c5 2. Nc3 d6 3. d4 cxd4 4. Qxd4 Bd7 5. b3 Nc6 6. Qd2 g6 7. Bb2 Bg7 8. 0-0-0 Rc8 9. Kb1 Qa5 10. Nge2 b5 11. Nd5 Qxd2 12. Rxd2 Bxb2 13. Kxb2 Nh6 14. f3 f5 15. Ng3 fxe4 16. Nxe4 Ne5 17. h4 Nhf7 18. Nf2 a6 19. Be2 h5 20. f4 Nc6 21. Bd3 Bf5 22. Ne4 0-0 23. Ng5 Bxd3 24. Rxd3 Nxg5 25. hxg5 Kg7 26. g3 e5 27. Nf6 Nb4 28. Rd2 exf4 29. gxf4 Rfd8 30. c3 Nc6 31. Rhd1 b4 32. c4 Ne7 33. Rxd6 Rxd6 34. Rxd6 Rc6 35. Rd7 Kf8 36. Kc2 Re6 37. Kd2 Nf5 38. Rd3 h4 39. Nd7+ Ke8 40. Ne5 Ng3 41. Rf3 Ne4+ 42. Kd3 Nxg5 43. Re3 h3 44. fxg5 h2 45. Re1 h1Q 46. Rxh1 Rxe5 47. Rg1 Rf5 48. Rg2 Kd7 49. Kd4 Kd6 50. Ke4 Kc5 51. Ke3 Kc6 52. Rf2 Rxg5 53. Rf6+ Kb7 54. Kd4 a5 55. c5 Rg2 56. Kc4 g5 57. Kb5 Rxa2 58. Rf7+ Kc8 59. Kb6 Rc2 60. c6 Kd8 61. Ra7 g4 62. Rxa5 g3 63. Rg5 g2 64. Kb7 Ke7 65. c7 Kd7 66. Rg7+ 1-0

[Event "EU-ch 20th"]
[Site "Skopje"]
[Date "2019.03.24"]
[Round "6"]
[White "Tadic, Katarina"]
[Black "Gerguri, Arsim"]
[Result "1/2-1/2"]
[WhiteElo "2031"]
[BlackElo "1956"]
[PlyCount "26"]
[EventDate "2019.03.18"]
[EventType "swiss"]
[EventRounds "11"]
[EventCountry "MKD"]
[SourceTitle "CBM 189"]
[Source "ChessBase"]
[SourceDate "2019.04.29"]
[SourceVersion "1"]
[SourceVersionDate "2019.04.29"]
[SourceQuality "1"]

1. Nf3 Nf6 2. c4 e6 3. d4 d5 4. e3 a5 5. Nc3 Be7 6. cxd5 exd5 7. h3 Bf5 8. Bd3 Bxd3 9. Qxd3 0-0 10. 0-0 Nbd7 11. Rb1 c6 12. b4 Nb6 13. Nd2 Re8 1/2-1/2

[Event "EU-ch 20th"]
[Site "Skopje"]
[Date "2019.03.20"]
[Round "3"]
[White "Tadic, Stefan"]
[Black "Tadic, Katarina"]
[Result "1-0"]
[WhiteElo "2223"]
[BlackElo "2031"]
[PlyCount "57"]
[EventDate "2019.03.18"]
[EventType "swiss"]
[EventRounds "11"]
[EventCountry "MKD"]
[SourceTitle "CBM 189"]
[Source "ChessBase"]
[SourceDate "2019.04.29"]
[SourceVersion "1"]
[SourceVersionDate "2019.04.29"]
[SourceQuality "1"]

1. e4 c6 2. d4 d5 3. e5 Bf5 4. h4 h5 5. Bg5 Qb6 6. Bd3 Bxd3 7. Qxd3 Qxb2 8. e6 Qxa1 9. Qb3 b5 10. Nf3 Nf6 11. 0-0 Ne4 12. Bc1 a5 13. Bb2 a4 14. Qa3 Qxb2 15. exf7+ Kxf7 16. Qxb2 Nd6 17. Ng5+ Kg8 18. Qc3 Ra7 19. Re1 Rh6 20. Re6 Rxe6 21. Nxe6 Ne4 22. Qe3 Nd7 23. f3 Nef6 24. Nf4 b4 25. Nd2 Rc7 26. g4 hxg4 27. fxg4 Rb7 28. g5 Ne8 29. Qe6+ 1-0

[Event "Nova Gorica op 24th"]
[Site "Nova Gorica"]
[Date "2019.01.27"]
[Round "5"]
[White "Zamar Kodelja, Jurij"]
[Black "Tadic, Katarina"]
[Result "1-0"]
[WhiteElo "2281"]
[BlackElo "2035"]
[PlyCount "67"]
[EventDate "2019.01.25"]
[EventType "swiss"]
[EventRounds "9"]
[EventCountry "SLO"]
[SourceTitle "CBM 188 Extra"]
[Source "ChessBase"]
[SourceDate "2019.02.28"]
[SourceVersion "1"]
[SourceVersionDate "2019.02.28"]
[SourceQuality "1"]

1. d4 Nf6 2. c4 g6 3. Nf3 Bg7 4. g3 0-0 5. Bg2 c6 6. 0-0 d5 7. cxd5 cxd5 8. Ne5 e6 9. Nc3 Bd7 10. Bf4 Nc6 11. Nxc6 Bxc6 12. Be5 Rc8 13. Qd2 Nd7 14. Bxg7 Kxg7 15. Rfc1 Nf6 16. Rc2 Qd7 17. Rac1 Rfd8 18. Qd3 Ne8 19. h4 h5 20. b3 Nd6 21. a4 Rb8 22. Nb1 Rdc8 23. Nd2 b5 24. a5 b4 25. Qe3 Nb5 26. Rxc6 Rxc6 27. Rxc6 Qxc6 28. Qe5+ Kh7 29. Qxb8 Qc1+ 30. Nf1 Nxd4 31. Qxa7 Nxe2+ 32. Kh2 Kg7 33. Qe3 Nc3 34. Qxc1 1-0

[Event "Veliko Gradiste Silver Lake op-A"]
[Site "Veliko Gradiste"]
[Date "2018.06.18"]
[Round "2"]
[White "Tadic, Stefan"]
[Black "Tadic, Katarina"]
[Result "1/2-1/2"]
[WhiteElo "2254"]
[BlackElo "2025"]
[PlyCount "28"]
[EventDate "2018.06.17"]
[EventType "swiss"]
[EventRounds "9"]
[EventCountry "SRB"]
[SourceTitle "CBM 185 Extra"]
[Source "ChessBase"]
[SourceDate "2018.07.29"]
[SourceVersion "1"]
[SourceVersionDate "2018.07.29"]
[SourceQuality "1"]

1. Nf3 Nf6 2. b3 d5 3. Bb2 c6 4. e3 g6 5. Be2 Bg7 6. 0-0 0-0 7. c4 e6 8. d4 Ne4 9. Nfd2 Nxd2 10. Nxd2 Nd7 11. Nf3 Qe7 12. Nd2 Qd8 13. Nf3 Qe7 14. Nd2 Qd8 1/2-1/2

[Event "Veliko Gradiste Silver Lake op-A"]
[Site "Veliko Gradiste"]
[Date "2018.06.17"]
[Round "1"]
[White "Tadic, Katarina"]
[Black "Marcetic, Nikola"]
[Result "0-1"]
[WhiteElo "2025"]
[BlackElo "2342"]
[PlyCount "56"]
[EventDate "2018.06.17"]
[EventType "swiss"]
[EventRounds "9"]
[EventCountry "SRB"]
[SourceTitle "CBM 185 Extra"]
[Source "ChessBase"]
[SourceDate "2018.07.29"]
[SourceVersion "1"]
[SourceVersionDate "2018.07.29"]
[SourceQuality "1"]

1. c4 e6 2. Nf3 d5 3. d4 Be7 4. g3 Nf6 5. Bg2 0-0 6. 0-0 b6 7. cxd5 exd5 8. Ne5 Bb7 9. Qa4 Nfd7 10. Rd1 Bd6 11. Nc3 Nxe5 12. dxe5 Bxe5 13. Nxd5 c6 14. Bf4 Nd7 15. Nb4 Bxf4 16. Nxc6 Nc5 17. Qxf4 Qe8 18. Nd4 Bxg2 19. Kxg2 g6 20. e3 Rc8 21. Rac1 Nd3 22. Rxd3 Rxc1 23. Nf3 Qb5 24. Qd4 Qc6 25. Rd2 Re8 26. Qf4 Re4 27. Qg5 Rc5 28. Qh6 Rf5 0-1

[Event "SRB-chT (Women)"]
[Site "Novi Sad"]
[Date "2017.09.08"]
[Round "8.2"]
[White "Tadic, Katarina"]
[Black "Maksimovic, Suzana"]
[Result "0-1"]
[WhiteElo "2061"]
[BlackElo "2143"]
[PlyCount "54"]
[EventDate "2017.09.01"]
[EventType "team-tourn"]
[EventRounds "11"]
[EventCountry "SRB"]
[SourceTitle "CBM 180 Extra"]
[Source "ChessBase"]
[SourceDate "2017.10.06"]
[SourceVersion "1"]
[SourceVersionDate "2017.10.06"]
[SourceQuality "1"]
[WhiteTeam "Rudovci Radnicki (W)"]
[BlackTeam "Kac Jugovic (W)"]
[WhiteTeamCountry "SRB"]
[BlackTeamCountry "SRB"]

1. Nf3 Nc6 2. d4 d5 3. h3 Bf5 4. c3 e6 5. Bf4 Bd6 6. Bxd6 cxd6 7. Qb3 Rb8 8. e3 Nf6 9. Nh4 Be4 10. Nd2 0-0 11. Nxe4 dxe4 12. g4 b5 13. Qc2 d5 14. g5 Ne8 15. Rg1 Nd6 16. f3 f5 17. f4 Qe7 18. Rc1 Rfc8 19. Qf2 b4 20. c4 dxc4 21. Bxc4 Na5 22. b3 Naxc4 23. bxc4 Nxc4 24. g6 h6 25. d5 b3 26. axb3 Rxb3 27. Qa2 Qxh4+ 0-1